Books by First 2 Sentences in Cursive - Statistics

General Stats
  • This quiz has been taken 12 times
  • The average score is 5 of 10
Answer Stats
Picture Answer % Correct
Lord of the rings : The Fellowship of the Rings
91%
Harry Potter : The Philisopher's stone
82%
Moby Dick
73%
Diary of a Wimpy Kid
64%
To Kill a Mockingbird
64%
Hunger Games
45%
The Great Gatsby
45%
Animal Farm
27%
Dracula
18%
Frankenstein
18%
No matching quizzes found
Score Distribution
Percent of People with Each Score
Percentile by Number Answered
Your Score History
You have not taken this quiz